000 00329nam a2200157Ia 4500
100 _aSadri/ K.H.
650 _aChemistry
942 _cBK
654 _aChemistry
245 _aApplid Chemistry - Vol I
260 _bTechnova Publications
_aMumbai
082 _a660
_bSAD
300 _a204
546 _aENGLISH
999 _c32157
_d32157